British Sports Stars By Surname - The Letter C (Photo Quiz) - Statistics

General Stats
  • This quiz has been taken 96 times
  • The average score is 11 of 20
Answer Stats
Picture Hint Answer % Correct
Born 1971 (Motor Racing) David Coulthard
80%
Born 1971 (Football) Andy Cole
78%
1937-2023 (Football) Bobby Charlton
78%
Born 1956 (Athletics) Sebastian Coe
78%
Born In Jamaica 1960 (Athletics) Linford Christie
77%
Born 1960 (Athletics) Steve Cram
72%
Born 1985 (Cycling) Mark Cavendish
68%
1934-2011 (Boxing) Henry Cooper
67%
Born 1965 (Rugby Union) Will Carling
63%
Born 1984 (Cricket) Alastair Cook
60%
Born 1942 (Horse Racing) Willie Carson
59%
Born 1957 (Figure Skating) Robin Cousins
51%
1936-1968 (Motor Racing) Jim Clark
49%
1949-1994 (Figure Skating) John Curry
49%
Born 1968 (Golf) Darren Clarke
43%
Born 1972 (Rowing) James Cracknell
41%
Born 1951 John Conteh
41%
1932-2000 Born in India (Cricket) Colin Cowdrey
39%
Born 1948 (Horse Racing) Bob Champion
37%
Born 1960 (Athletics) Kathy Cook
17%
No matching quizzes found
Score Distribution
Percent of People with Each Score
Percentile by Number Answered
Your Score History
You have not taken this quiz